000 00384cam a2200169ua 4500
020 _cRs. 2.00
041 _amal
_h
082 _a894.8124
_bCHA/AR
100 _aChacko, Chemmanam .
245 _aArivinte kanikal
260 _aTrivandrum :
_bChemmanam Chacko ,
_c1976.
300 _a160 ; .
365 _aRs. 2.00
504 _a
942 _cBK
999 _c1217
_d1217